000 00679nam a2200229Ia 4500
003 GCL
008 140319s9999 xx 000 0 eng d
020 _a1857150953
040 _aGCL /
_cGCL
082 0 4 _a937.06
_bG D
100 1 _aGIBBON, EDWARD
245 1 0 _aTHE DECLINE AND FALL OF THE ROMAN EMPIRE /
_cGIBBON, EDWARD
700 1 _aTREUROR - ROPER, HUGH
260 _aانجلترا :
_bEVERYMAN'S LIBRARY ،
_c1993
300 _a6 VOLS.
_bILLS, MAPS ؛
_c21 cm.
490 _aTHE MILLENNIUM LIBRARY
_v95
650 0 4 _aEUROPE - HISTORY
650 0 4 _aHISTORY
650 0 4 _aROME - HISTORY - 30 BC - 467 A.D
650 0 4 _aHOLY ROMAN EMPIRE - HISTORY
942 _2ddc
_cBK
999 _c5060
_d5060